000 00891nam0a22002651 4500
001 rc\2811799
005 20250806210700.0
035 _a(NLR Aleph) 006937633
090 _a18237
_c18237
100 _a20110915d1944 u y0rusy50 ca
101 0 _arus
102 _aRU
105 _aa z |||||
200 1 _aКраткий русско-венгерский разговорник
_f[Венгерский текст в рус. транскрипции сост. Э. С. Хаас]
210 _a[Москва]
_cВоен. изд-во
_d1944
215 _a52 с.
_cил., схем.
_d8х11 см.
702 1 _aХаас
_bЭ.С.
_4570
801 0 _aRU
_bNLR
_gpsbo
801 1 _aRU
_bELAR
_2rusmarc
852 _aNLR
_j186рус-венг/разг.1944
942 _cBOOK
945 _aРоссийская национальная библиотека
980 _aNB
980 _aBV